Statistics for Pixelated Europe Map

Click here to take the quiz!

General Stats

  • This quiz has been taken 27,942 times
  • The average score is 269 of 279

Answer Stats

Country % Correct
Italy
99%
Germany
99%
Italy
99%
Italy
99%
Italy
99%
Spain
99%
Spain
99%
Spain
99%
Spain
99%
Spain
99%
Spain
99%
Italy
99%
Italy
99%
Germany
99%
Germany
99%
Germany
99%
Germany
99%
Sweden
99%
Germany
99%
Germany
99%
Italy
99%
Italy
99%
Italy
99%
Italy
99%
Spain
99%
Spain
99%
France
99%
France
99%
France
99%
France
99%
France
99%
France
99%
France
99%
Ukraine / Russia
99%
France
99%
France
99%
France
99%
France
99%
France
99%
Spain
99%
Spain
99%
Spain
99%
Spain
99%
Spain
99%
France
99%
France
99%
France
99%
France
99%
France
99%
Sweden
99%
Italy
99%
Norway
99%
Norway
99%
Norway
99%
Norway
99%
United Kingdom
99%
Norway
99%
Norway
99%
Norway
99%
Norway
99%
Norway
99%
Sweden
99%
Norway
99%
Norway
99%
Norway
99%
United Kingdom
99%
United Kingdom
99%
Germany
99%
Ireland
99%
Germany
99%
Germany
99%
Germany
99%
Germany
99%
Ireland
99%
Ireland
99%
United Kingdom
99%
United Kingdom
99%
United Kingdom
99%
United Kingdom
99%
United Kingdom
99%
United Kingdom
99%
Norway
99%
Norway
99%
Sweden
99%
Sweden
99%
Sweden
99%
Sweden
99%
Norway
99%
Sweden
99%
Sweden
99%
Sweden
99%
Sweden
99%
Sweden
99%
Sweden
99%
Sweden
99%
Sweden
99%
Sweden
99%
Norway
99%
Sweden
99%
Norway
99%
Norway
99%
Finland
98%
Finland
98%
Finland
98%
Finland
98%
Finland
98%
Russia
98%
Russia
98%
Russia
98%
Russia
98%
Finland
98%
Finland
98%
Finland
98%
Finland
98%
Finland
98%
Finland
98%
Finland
98%
Russia
98%
Finland
98%
Finland
98%
Finland
98%
Finland
98%
Russia
98%
Russia
98%
Russia
98%
Russia
98%
Russia
98%
Russia
98%
Russia
98%
Russia
98%
Russia
98%
Russia
98%
Russia
98%
Russia
98%
Russia
98%
Russia
98%
Russia
98%
Russia
98%
Russia
98%
Russia
98%
Russia
98%
Russia
98%
Russia
98%
Russia
98%
Russia
98%
Russia
98%
Russia
98%
Russia
98%
Russia
98%
Russia
98%
Russia
98%
Russia
98%
Russia
98%
Russia
98%
Russia
98%
Russia
98%
Russia
98%
Russia
98%
Russia
98%
Russia
98%
Russia
98%
Russia
98%
Russia
98%
Russia
98%
Russia
98%
Russia
98%
Russia
98%
Russia
98%
Russia
98%
Russia
98%
Russia
98%
Russia
98%
Russia
98%
Russia
98%
Iceland
98%
Portugal
98%
Portugal
98%
Iceland
98%
Iceland
98%
Iceland
98%
Iceland
98%
Portugal
98%
Russia
98%
Russia
98%
Russia
98%
Russia
98%
Russia
98%
Russia
98%
Russia
98%
Russia
98%
Iceland
98%
Russia
98%
Russia
98%
Russia
98%
Russia
98%
Russia
98%
Russia
98%
Russia
98%
Russia
98%
Russia
98%
Russia
98%
Greece
96%
Greece
96%
Greece
96%
Greece
96%
Poland
96%
Poland
96%
Poland
96%
Poland
96%
Poland
96%
Poland
96%
Poland
96%
Denmark
96%
Denmark
96%
Poland
96%
Belgium
96%
Netherlands
96%
Poland
96%
Switzerland
94%
Ukraine
93%
Ukraine
93%
Ukraine
93%
Ukraine
93%
Ukraine
93%
Ukraine
93%
Ukraine
93%
Ukraine
93%
Ukraine
93%
Ukraine
93%
Ukraine
93%
Ukraine
93%
Ukraine
93%
Ukraine
93%
Ukraine
93%
Ukraine
93%
Austria
92%
Austria
92%
Estonia
91%
Estonia
91%
Latvia
91%
Latvia
91%
Romania
90%
Romania
90%
Romania
90%
Romania
90%
Romania
90%
Lithuania
90%
Lithuania
90%
Lithuania
90%
Lithuania
90%
Romania
90%
Romania
90%
Czechia
90%
Czechia
90%
Czechia
90%
Romania
90%
Croatia
89%
Slovakia
89%
Hungary
89%
Hungary
89%
Hungary
89%
Slovakia
89%
Slovenia
88%
Belarus
88%
Belarus
88%
Belarus
88%
Belarus
88%
Belarus
88%
Belarus
88%
Belarus
88%
Belarus
88%
Serbia
87%
Bulgaria
85%
Bulgaria
85%
Bosnia and Herzegovina
85%
Bosnia and Herzegovina
85%
Moldova
78%
Montenegro
78%
Kosovo
77%

Score Distribution

Percentile by Number Answered

Percent of People with Each Score

Your Score History

You have not taken this quiz